000 00533cam a22001697a 4500
008 180718b1997 xxu||||| |||| 00| 0 eng d
020 _a063120024X
082 _aT254 D152
100 _aDale, Barrie
245 _aManaging quality and human resources : a guide to continuous improvement
_cby Barrie Dale, Cary L. Cooper and Adrian Wilkinson
260 _aOxford
_bBlackwell
_c1997
300 _a272p.
650 _aHuman capital.
650 _aTotal quality management
700 _aWilkinson, Adrain
700 _aCooper, L. Cary
999 _c382580
_d382580